Heat kernels and analysis on manifolds, graphs, and metric spaces : lecture notes from a quarter program on manifolds, graphs, and metric spaces : April 16-July 13, 2002, Emile Borel Centre of the Henri Poincare Institute, Paris, France

Αποθηκεύτηκε σε:
Λεπτομέρειες βιβλιογραφικής εγγραφής
Άλλοι συγγραφείς: Auscher, Pascal (Επιμελητής έκδοσης), Grigoryan, A. (Alexander) (Επιμελητής έκδοσης), Coulhon, T. (Επιμελητής έκδοσης)
Μορφή: Βιβλίο
Γλώσσα:English
Δημοσίευση: Providence, R.I. : American Mathematical Society, c2003
Σειρά:Contemporary mathematics (American Mathematical Society) ; ; 338
Θέματα:
Ετικέτες: Προσθήκη ετικέτας
Δεν υπάρχουν, Καταχωρήστε ετικέτα πρώτοι!

MARC

LEADER 00000nam a2200000 i 4500
001 1/68793
008 041213s2003 eng d
020 |a 0-8218-3383-9 
035 |l 10075843 
040 |a GR-MY-UA  |b gre  |e aacr 
041 0 |a eng 
082 0 |a 515.353  |2 (21) 
245 1 0 |a Heat kernels and analysis on manifolds, graphs, and metric spaces :  |b lecture notes from a quarter program on manifolds, graphs, and metric spaces : April 16-July 13, 2002, Emile Borel Centre of the Henri Poincare Institute, Paris, France /  |c Pascal Auscher, Thierry Coulhon, Alexander Grigor'yan, editors 
260 |a Providence, R.I. :   |b American Mathematical Society,   |c c2003 
300 |a vii, 423 σ.;  |b εικ.;  |c 26 εκ. 
490 1 |a Contemporary mathematics  |v ; 338 
504 |a Περιέχει βιβλιογραφικές αναφορές 
650 0 0 |a Heat equation. 
650 0 0 |a Elliptic operators. 
650 0 0 |a Stochastic partial differential equations. 
650 0 0 |a Metric spaces. 
700 1 |a Auscher, Pascal.  |4 edt 
700 1 |a Grigoryan, A.  |q (Alexander)  |4 edt 
700 1 |a Coulhon, T.  |4 edt 
830 0 |a Contemporary mathematics (American Mathematical Society) ;  |v ; 338 
852 |a INST  |b SAMOS  |e 20041213  |h 515.353 HEA  |p 005300022866  |q 005300022866  |t BK  |y 0 
901 |a BIBL3-2004-3 
909 |a Σ  |b 115104 
922 |a 3ΕΛΗ  |b 200406  |c ΕΠΕΑΕΚ2/ΤΜΗΜΑ ΜΑΘΗΜΑΤΙΚΩΝ  |d ΜΙΧΑΛΟΠΟΥΛΟΣ 
970 |a ΚΟΣΙΕΡΗΣ  |b ΧΡΗΣΤΟΣ  |z 2004/12/13